00229nam a22000857a 4500082001300000100001500013245005200028260005400080300000900134 a632bWAI aWain, R.L. aSome chemical aspects of plant disease control/ aLondon:bThe Royal Institute of Chemistry,c1958. a21p: